Harry Styles - Pop - All lyrics - Statistics

General Stats
  • This quiz has been taken 47 times
  • The average score is 192 of 263
Answer Stats
Answer % Correct
pop
100%
(Pop)
100%
Pop
100%
I
97%
it,
97%
it
97%
It's
97%
it's
97%
me
91%
be
88%
do
88%
making
88%
to
88%
again
84%
again,
84%
could
84%
go
84%
my
84%
in
81%
head?
78%
meant
78%
This
78%
anywhere
75%
Am
72%
over
72%
you
72%
on
69%
your
66%
don't
63%
just
63%
know
63%
all
59%
flavours
59%
how
59%
I'm
59%
knees
59%
mix
59%
two
59%
and
56%
take
56%
the
56%
time
56%
Together,
56%
together,
56%
no
53%
end
50%
nice
50%
pullin'
50%
pullin',
50%
thread
50%
but
47%
But
47%
clean
47%
fantasy
47%
I'll
47%
it'll
47%
mm,
47%
mm
47%
saviour
47%
up
47%
wanna
47%
Daytime
44%
First
44%
waiting
44%
Katie's
41%
more
41%
can't
38%
game-day
38%
papers
38%
stray
38%
tasting
38%
Catching
34%
dogs,
34%
em
34%
rollin'
34%
Squeaky
34%
tame
31%
try
31%
behave
28%
mainlining
28%
wanted
25%
mеant
0%
No matching quizzes found
Score Distribution
Percent of People with Each Score
Percentile by Number Answered
Your Score History
You have not taken this quiz